[Event "EYCC 2017"]
[Site "Mamaia"]
[Date "2017.09.13"]
[Round "8"]
[White "Stepanyan, Eva"]
[Black "Lomaia, Diana"]
[Result "1-0"]
[WhiteElo "1927"]
[BlackElo "1753"]
[Annotator "NA RC"]
[PlyCount "193"]
[EventDate "2017.??.??"]
[EventType "swiss"]
[EventCountry "ROU"]
[SourceTitle "playchess.com"]
[Source "ChessBase"]
[SourceQuality "1"]
[TimeControl "40/5400+30:1800+30"]

1. e4 {[%emt 0:00:00]} c5 {[%emt 0:00:17]} 2. Nf3 {[%emt 0:00:00]} d6 {[%emt 0:00:28]} 3. d4 {[%emt 0:00:00]} cxd4 {[%emt 0:00:06]} 4. Nxd4 {[%emt 0:00:00]} Nf6 {[%emt 0:00:05]} 5. Nc3 {[%emt 0:00:01]} a6 {[%emt 0:01:07]} 6. Be2 {[%emt 0:00:14]} e5 {[%emt 0:00:40]} 7. Nf3 {[%emt 0:00:35]} Be7 {[%emt 0:00:52]} 8. Bg5 {[%emt 0:00:27]} Be6 {[%emt 0:00:41]} 9. Bxf6 {[%emt 0:01:12]} Bxf6 {[%emt 0:00:45]} 10. O-O {[%emt 0:01:10]} O-O {[%emt 0:00:36]} 11. Nd5 {[%emt 0:00:45] B92: Sicilian Najdorf: 6 Be2} Bxd5 {[%emt 0:02:23]} 12. Qxd5 {[%emt 0:01:46]} Nc6 {[%emt 0:00:22]} 13. Rfd1 {[%emt 0:05:43]} (13. Rad1 Qb6 14. Rb1 Nd4 15. Nxd4 exd4 16. Bd3 Rac8 17. Qf5 Be5 18. f4 g6 {1-0 (80) Kovalenko,I (2640)-Chocenka,D (2292) Panevezys 2017}) 13... Be7 {[%emt 0:01:14]} 14. Bc4 {[%emt 0:05:39]} Qc7 {[%emt 0:00:32]} 15. Bb3 {[%emt 0:02:16]} Rac8 {[%emt 0:01:23]} 16. c3 {[%emt 0:01:31]} Na5 {[%emt 0:08:12]} 17. Ne1 {[%emt 0:06:16]} Nxb3 $146 {[%emt 0:01:40]} ({Predecessor:} 17... b5 18. Nc2 Qc5 {1-0 (63) Connolly,S (2052)-Hanly,S Cork 2005}) 18. Qxb3 {[%emt 0:03:49]} Kh8 {[%emt 0:01:20]} 19. Nc2 {[%emt 0:01:45]} Bg5 {[%emt 0:04:41]} 20. Nb4 {[%emt 0:10:24]} f5 {[%emt 0:04:38]} 21. Qd5 {[%emt 0:07:40]} Rcd8 {[%emt 0:02:22]} 22. exf5 {[%emt 0:05:28]} Rxf5 {[%emt 0:00:40]} 23. Qd3 {[%emt 0:00:56]} Qf7 {[%emt 0:01:15]} 24. f3 {[%emt 0:01:40]} Rf6 {[%emt 0:09:42]} 25. Nd5 {[%emt 0:04:30]} Rh6 {[%emt 0:03:20]} 26. c4 {[%emt 0:03:10]} Bf4 {[%emt 0:03:48]} 27. h3 {[%emt 0:03:47]} Bg3 {[%emt 0:04:20]} 28. Nc3 {[%emt 0:04:04]} Qc7 {[%emt 0:06:15]} 29. Ne4 {[%emt 0:02:16]} Bh4 {[%emt 0:01:38]} 30. Kh1 {[%emt 0:02:13]} Rg6 {[%emt 0:01:13]} 31. Rac1 {[%emt 0:02:28]} Qb6 {[%emt 0:08:34]} 32. Rc2 {[%emt 0:07:20]} Be7 {[%emt 0:01:49]} 33. b3 {[%emt 0:03:08]} Rc8 {[%emt 0:03:44]} 34. Re2 {[%emt 0:02:03]} Qc6 {[%emt 0:08:32]} 35. Nc3 {[%emt 0:04:31]} Bf8 {[%emt 0:00:57]} 36. Nd5 {[%emt 0:00:42]} Qc5 {[%emt 0:04:12]} 37. Qf5 {[%emt 0:02:24]} Kg8 {[%emt 0:02:22]} 38. Kh2 {[%emt 0:03:16]} Qc6 {[%emt 0:06:20]} 39. Rdd2 $16 {[%emt 0:02:03]} Re8 {[%emt 0:03:27]} 40. Qe4 {[%emt 0:00:00]} Rc8 {[%emt 0:00:37]} 41. Rc2 {[%emt 0:05:51]} a5 {[%emt 0:01:35]} 42. a3 {[%emt 0:02:22]} b6 {[%emt 0:04:29]} 43. Qf5 {[%emt 0:02:50]} Rb8 {[%emt 0:02:11]} 44. Qe4 {[%emt 0:02:45]} Rc8 {[%emt 0:01:34]} 45. b4 {[%emt 0:01:17]} a4 {[%emt 0:03:13]} 46. b5 {[%emt 0:05:26]} Qc5 {[%emt 0:00:57]} 47. Nb4 {[%emt 0:00:28]} Rf6 {[%emt 0:05:47]} 48. g3 {[%emt 0:03:37]} Rf7 {[%emt 0:00:59]} 49. Red2 {[%emt 0:00:34]} Qc7 {[%emt 0:01:41]} 50. Nc6 {[%emt 0:01:13]} Rf6 {[%emt 0:03:30]} 51. Rd5 {[%emt 0:02:00]} Qf7 {[%emt 0:01:01]} 52. Kg2 {[%emt 0:00:20]} Re8 {[%emt 0:02:18]} 53. Rb2 {[%emt 0:01:39]} Qg6 {[%emt 0:01:59]} 54. Qxg6 {[%emt 0:02:25]} Rxg6 {[%emt 0:00:21]} 55. Re2 {[%emt 0:00:14]} Rge6 {[%emt 0:00:17]} 56. Re4 {[%emt 0:00:13]} g6 {[%emt 0:00:36]} 57. Nb4 {[%emt 0:01:35]} Kf7 {[%emt 0:01:33]} 58. Rd1 {[%emt 0:00:33]} Rb8 {[%emt 0:00:57]} 59. Nd5 {[%emt 0:00:27]} Rb7 {[%emt 0:00:26]} 60. Rb1 {[%emt 0:01:09]} Re8 {[%emt 0:00:57]} 61. Rb4 {[%emt 0:00:52]} Ra8 {[%emt 0:00:07]} 62. Rh4 {[%emt 0:00:59]} Kg7 {[%emt 0:00:40]} 63. Kf2 {[%emt 0:00:55]} Be7 {[%emt 0:01:27]} 64. Re4 {[%emt 0:00:16]} Bf8 {[%emt 0:00:21]} 65. Ke2 {[%emt 0:00:14]} Kf7 {[%emt 0:00:16]} 66. Kd3 {[%emt 0:00:20]} Ke6 {[%emt 0:00:29]} 67. Re1 {[%emt 0:00:38]} Bh6 {[%emt 0:00:19]} 68. Rd1 {[%emt 0:01:06]} Bg5 {[%emt 0:00:35]} 69. Ke2 {[%emt 0:00:52]} Bh6 {[%emt 0:00:58]} 70. Rb2 {[%emt 0:00:41]} Rc8 {[%emt 0:00:27]} 71. Kd3 {[%emt 0:00:27]} Rf8 {[%emt 0:00:18]} 72. Ke4 {[%emt 0:00:22]} Rc8 {[%emt 0:00:11]} 73. Rb4 {[%emt 0:00:26]} Ra8 {[%emt 0:00:15]} 74. h4 {[%emt 0:00:42]} Bf8 {[%emt 0:00:32]} 75. g4 {[%emt 0:00:33]} h6 {[%emt 0:00:36]} 76. Rh1 {[%emt 0:01:07]} Bg7 {[%emt 0:00:41]} 77. g5 {[%emt 0:00:35]} h5 {[%emt 0:00:37]} 78. Rf1 {[%emt 0:00:09]} Rf7 {[%emt 0:01:18]} 79. Nxb6 {[%emt 0:00:31]} Rf4+ {[%emt 0:00:05]} 80. Ke3 {[%emt 0:00:26]} Rb8 {[%emt 0:01:45]} 81. Nd5 {[%emt 0:00:16]} Rxh4 {[%emt 0:00:09]} 82. Rxa4 {[%emt 0:00:28]} Bf8 {[%emt 0:01:37]} 83. Rb4 {[%emt 0:00:25]} Rh2 {[%emt 0:00:51]} 84. Ra1 {[%emt 0:00:59]} Bg7 {[%emt 0:00:13]} 85. Rd1 {[%emt 0:00:28]} Ra2 {[%emt 0:00:22]} 86. Rb3 {[%emt 0:00:25]} Rb7 {[%emt 0:01:16]} 87. Nb4 {[%emt 0:00:25]} Rg2 {[%emt 0:00:15]} 88. Nc6 {[%emt 0:00:07]} Kf5 {[%emt 0:01:40]} 89. a4 {[%emt 0:00:28]} Rxg5 {[%emt 0:00:35]} 90. a5 {[%emt 0:00:09]} Rg2 {[%emt 0:00:07]} 91. a6 {[%emt 0:00:27]} Bh6+ {[%emt 0:00:30]} 92. Kd3 {[%emt 0:00:05]} Rf7 {[%emt 0:00:05]} 93. b6 {[%emt 0:00:28]} e4+ {[%emt 0:01:21]} 94. fxe4+ {[%emt 0:00:11]} Kg4 {[%emt 0:00:04]} 95. Kd4 {[%emt 0:00:35]} Bg7+ {[%emt 0:00:26]} 96. Kd5 {[%emt 0:00:07]} Ra2 {[%emt 0:01:16]} 97. b7 {[%emt 0:00:18]} 1-0

[Event "EYCC 2017"]
[Site "Mamaia"]
[Date "2017.09.13"]
[Round "8"]
[White "Kucharska, Honorata"]
[Black "Shpanko, Nadiia"]
[Result "1/2-1/2"]
[WhiteElo "1917"]
[BlackElo "2065"]
[Annotator "NA RC"]
[PlyCount "82"]
[EventDate "2017.??.??"]
[EventType "swiss"]
[EventCountry "ROU"]
[SourceTitle "playchess.com"]
[Source "ChessBase"]
[SourceQuality "1"]
[TimeControl "40/5400+30:1800+30"]

1. d4 {[%emt 0:00:00]} Nf6 {[%emt 0:00:35]} 2. Nf3 {[%emt 0:00:00]} b6 {[%emt 0:00:16]} 3. e3 {[%emt 0:00:07]} Bb7 {[%emt 0:00:12]} 4. Bd3 {[%emt 0:00:09]} c5 {[%emt 0:01:20]} 5. O-O {[%emt 0:00:33]} g6 {[%emt 0:03:34]} 6. b3 {[%emt 0:01:11]} Bg7 {[%emt 0:01:24]} 7. Bb2 {[%emt 0:00:21]} cxd4 {[%emt 0:02:13]} 8. exd4 {[%emt 0:00:55]} O-O {[%emt 0:01:23]} 9. Nbd2 {[%emt 0:01:31]} Nc6 {[%emt 0:02:47]} 10. a3 {[%emt 0:01:52]} Nd5 {[%emt 0:03:36]} 11. Re1 {[%emt 0:02:51]} Nf4 {[%emt 0:13:00]} 12. Bf1 {[%emt 0:00:38]} d5 {[%emt 0:02:30]} 13. g3 {[%emt 0:08:41]} Ne6 {[%emt 0:00:30]} 14. c3 {[%emt 0:00:07]} Nc7 {[%emt 0:02:33]} 15. b4 {[%emt 0:02:10]} Re8 {[%emt 0:08:32]} 16. Nb3 {[%emt 0:06:51]} a5 {[%emt 0:08:39]} 17. b5 {[%emt 0:01:39]} Nb8 {[%emt 0:01:58]} 18. a4 {[%emt 0:02:48]} Bc8 {[%emt 0:06:15]} 19. Bg2 {[%emt 0:03:20]} Ra7 {[%emt 0:06:07]} 20. Nbd2 {[%emt 0:04:15]} Bf5 {[%emt 0:02:38]} 21. h3 {[%emt 0:07:12]} h5 {[%emt 0:03:26]} 22. Kh2 {[%emt 0:06:17]} Nd7 {[%emt 0:01:42]} 23. Nh4 {[%emt 0:00:26]} Nf6 {[%emt 0:04:19]} 24. f4 {[%emt 0:02:55]} Be6 {[%emt 0:07:01]} 25. Nhf3 {[%emt 0:02:52]} Bh6 {[%emt 0:05:28]} 26. Bc1 {[%emt 0:03:02]} Rf8 {[%emt 0:01:29]} 27. Ne5 {[%emt 0:02:16]} Bd7 {[%emt 0:00:12]} 28. Nf1 {[%emt 0:02:18]} Kg7 {[%emt 0:02:35]} 29. Qe2 {[%emt 0:04:18]} Nce8 {[%emt 0:00:53]} 30. g4 {[%emt 0:01:57]} hxg4 {[%emt 0:00:56]} 31. hxg4 {[%emt 0:00:03]} Nxg4+ {[%emt 0:00:41]} 32. Nxg4 {[%emt 0:00:12]} Bxg4 {[%emt 0:00:01]} 33. Qxg4 {[%emt 0:00:19]} Nf6 {[%emt 0:00:01]} 34. Qg3 {[%emt 0:00:30]} Nh5 {[%emt 0:00:42]} 35. Qf3 {[%emt 0:00:40]} e6 {[%emt 0:01:16]} 36. Bd2 {[%emt 0:06:39]} Nxf4 {[%emt 0:01:01]} 37. Bxf4 {[%emt 0:01:06]} Qh4+ {[%emt 0:00:01]} 38. Kg1 {[%emt 0:01:13]} Bxf4 {[%emt 0:00:26]} 39. Red1 {[%emt 0:02:11]} Rh8 {[%emt 0:02:11]} 40. Rd3 {[%emt 0:00:00]} Rh5 {[%emt 0:01:54]} 41. Qh3 {[%emt 0:03:28]} Qg5 {[%emt 0:02:19]} 1/2-1/2

[Event "EYCC 2017"]
[Site "Mamaia"]
[Date "2017.09.13"]
[Round "8"]
[White "Janiashvili, Mariami"]
[Black "Olde, Margareth"]
[Result "0-1"]
[WhiteElo "1875"]
[BlackElo "2161"]
[Annotator "TA"]
[PlyCount "98"]
[EventDate "2017.??.??"]
[EventType "swiss"]
[EventCountry "ROU"]
[SourceTitle "playchess.com"]
[Source "ChessBase"]
[SourceQuality "1"]

1. d4 {Program Activation Required} f5 2. Nc3 Nf6 3. Bg5 d5 4. f3 Nc6 5. Nh3 (5. Qd2 e6 6. a3 Be7 7. Nh3 O-O 8. Nf4 h6 9. Bxf6 Bxf6 10. Ng6 Re8 11. e3 e5 12. dxe5 Nxe5 13. Nxe5 Bxe5 14. Qxd5+ Qxd5 15. Nxd5 Bxb2 {1-0 (44) Duzhakov,I (2421)-Kobalia,M (2613) Sochi 2017}) 5... Be6 6. Nf4 $146 {A80: Holländische Verteidigung} ({Vorgänger:} 6. Qd3 Qd7 7. Na4 b6 8. e3 Bf7 9. Be2 e5 10. Nc3 Bb4 11. a3 Be7 12. Rd1 O-O {0-1 (48) Richters,A (1949)-Hoge,R (1957) Germany 2012}) 6... Bf7 7. Qd3 Qd7 8. Qb5 O-O-O 9. O-O-O h6 10. Bxf6 exf6 11. g3 Kb8 12. Bh3 g5 13. Nd3 Nxd4 14. Qxd7 Rxd7 15. Ne1 c5 16. e3 Nc6 17. Bxf5 Rd8 18. Ng2 Bg7 19. Rhe1 Rhe8 20. e4 d4 21. Na4 Bf8 22. b3 b5 23. Nb2 c4 24. Kb1 Kc7 25. h4 Bb4 26. Rh1 Kb6 27. hxg5 hxg5 28. Rh7 Bg8 29. Rh6 Rd6 30. Rh8 Kc5 31. Rdh1 Red8 32. Bh7 Bxh7 33. Rxd8 Rxd8 34. Rxh7 d3 35. Ne3 dxc2+ 36. Nxc2 c3 37. a3 Bxa3 38. Nxa3 Kb4 39. Nc2+ Kxb3 40. Na1+ Kb4 41. Rc7 cxb2 42. Kxb2 Rd6 43. Nc2+ Kc5 44. Ne3 a5 45. Nf5 Re6 46. Ne3 a4 47. Nd5 b4 48. Rf7 Ne5 49. Nxf6 Nxf7 0-1

[Event "EYCC 2017"]
[Site "Mamaia"]
[Date "2017.09.13"]
[Round "8"]
[White "Zhurova, Anna"]
[Black "Matasaru, Stephanie"]
[Result "1-0"]
[WhiteElo "1864"]
[BlackElo "1662"]
[Annotator "NA RC"]
[PlyCount "59"]
[EventDate "2017.??.??"]
[EventType "swiss"]
[EventCountry "ROU"]
[SourceTitle "playchess.com"]
[Source "ChessBase"]
[SourceQuality "1"]
[TimeControl "40/5400+30:1800+30"]

1. e4 {[%emt 0:00:00]} e5 {[%emt 0:00:00]} 2. Nf3 {[%emt 0:00:00]} Nc6 {[%emt 0:00:00]} 3. Bb5 {[%emt 0:00:36]} Nge7 {[%emt 0:00:00]} 4. O-O {[%emt 0:00:32]} g6 {[%emt 0:00:03]} 5. c3 {[%emt 0:00:47]} Bg7 {[%emt 0:00:07]} 6. d4 {[%emt 0:00:25]} exd4 {[%emt 0:00:10]} 7. cxd4 {[%emt 0:00:14]} a6 {[%emt 0:02:45]} 8. Ba4 {[%emt 0:00:30]} b5 {[%emt 0:00:08]} 9. Bb3 {[%emt 0:04:07]} O-O {[%emt 0:01:27]} 10. Nc3 {[%emt 0:02:17]} d6 {[%emt 0:03:00]} 11. h3 {[%emt 0:01:04]} Na5 {[%emt 0:02:36]} 12. Bg5 {[%emt 0:03:48]} h6 {[%emt 0:01:11]} 13. Bh4 {[%emt 0:00:40]} g5 {[%emt 0:00:56]} 14. Bg3 {[%emt 0:00:10]} Bb7 {[%emt 0:11:39]} 15. Bc2 {[%emt 0:03:05]} Rc8 {[%emt 0:02:33]} 16. h4 {[%emt 0:01:19]} Ng6 {[%emt 0:07:34]} 17. hxg5 {[%emt 0:05:10]} hxg5 {[%emt 0:00:13]} 18. d5 {[%emt 0:02:06]} Nc4 {[%emt 0:04:06]} 19. Rb1 {[%emt 0:04:04]} Nxb2 {[%emt 0:06:41]} 20. Rxb2 {[%emt 0:00:06]} Bxc3 {[%emt 0:00:06]} 21. Rb3 {[%emt 0:00:04]} Bf6 {[%emt 0:06:21]} 22. Nd4 {[%emt 0:02:51]} Qd7 {[%emt 0:10:33]} 23. Nf5 {[%emt 0:02:29]} Ne7 {[%emt 0:00:56]} 24. Nh6+ {[%emt 0:00:38]} Kg7 {[%emt 0:00:15]} 25. Ng4 {[%emt 0:00:06]} Ng8 {[%emt 0:07:09]} 26. f4 {[%emt 0:04:49]} gxf4 {[%emt 0:02:02]} 27. Bxf4 {[%emt 0:02:51]} Qe7 {[%emt 0:01:32]} 28. Nxf6 {[%emt 0:02:06]} Nxf6 {[%emt 0:00:41]} 29. Rg3+ {[%emt 0:00:11]} Kh8 {[%emt 0:01:08]} 30. Bg5 {[%emt 0:00:06]} 1-0

[Event "EYCC 2017"]
[Site "Mamaia"]
[Date "2017.09.13"]
[Round "8"]
[White "Semonaviciute, Agne"]
[Black "Georgescu, Lena"]
[Result "0-1"]
[WhiteElo "1854"]
[BlackElo "2246"]
[Annotator "TA"]
[PlyCount "54"]
[EventDate "2017.??.??"]
[EventType "swiss"]
[EventCountry "ROU"]
[SourceTitle "playchess.com"]
[Source "ChessBase"]
[SourceQuality "1"]

{[%evp 18,54,10,-16,0,-18,-14,-105,-98,-98,-104,-95,-91,-132,-66,-121,-110,-124,-111,-118,-73,-196,-173,-190,-146,-145,-146,-287,-308,-532,-529,-783,-810,-804,-803,-793,-796,-793,-753]} 1. e4 c5 2. Nf3 d6 3. g3 Nc6 4. Bg2 g6 5. O-O Bg7 6. d3 Nf6 7. Nbd2 O-O 8. c3 Rb8 9. Re1 b5 10. d4 {LiveBook: 10 Games} Nd7 {[%cal Rc5d4,Bf6d7,Bd7e5,Be5d3,Bd3c1][%mdl 32] A05: Réti Opening: 1 Nf3 Nf6} (10... Qb6 11. d5 Na5 12. h3 b4 13. c4 Ba6 14. Qc2 e6 15. dxe6 fxe6 16. e5 Nd7 17. exd6 Qxd6 18. Ne4 {1-0 (52) Ghasi,A (2466)-Hawkins,J (2511) Leeds 2013}) 11. Nf1 b4 12. d5 (12. Bf4 $11) 12... Nce5 $146 {Black is better.} ({Find the theoretical novelty and annotate with similar games:} 12... Na5 13. Qc2 bxc3 14. bxc3 Nc4 15. N1d2 Nxd2 16. Bxd2 Nb6 {1-0 (51) Shukurova,M (2238)-Ozatakan,E Kocaeli 2002}) 13. Nxe5 Nxe5 ({Not} 13... dxe5 14. Bd2 $14) 14. cxb4 Rxb4 15. Rb1 Ba6 (15... f5 $17 16. f4 Rd4) 16. b3 (16. Bd2 $15) 16... Nd3 17. Re3 Nxc1 18. Rxc1 Qa5 19. a4 (19. Rc2 $17) 19... Rfb8 $19 20. Nd2 Rd4 21. Rc2 Bd3 $36 {[%mdl 2048] White is under strong pressure.} 22. Ra2 (22. Rc1 $17 Bxe4 23. Rxe4 Qxd2 24. Rxd4 Qxd4 25. Qxd4 Bxd4 26. Rb1) 22... c4 {[%cal Bc5c4,Bc4b3][%mdl 32]} 23. Rxd3 $2 {[#]} (23. h3) 23... Rxd3 {Black is clearly winning.} 24. Bf1 cxb3 25. Rb2 Bxb2 26. Bxd3 Qxa4 27. Qe2 Bf6 {Precision: White = 12%, Black = 65%.} 0-1

[Event "EYCC 2017"]
[Site "Mamaia"]
[Date "2017.09.13"]
[Round "8"]
[White "Khamenya, Vitalia"]
[Black "Hajiyeva, Laman"]
[Result "1-0"]
[WhiteElo "1853"]
[BlackElo "1818"]
[Annotator "NA RC"]
[PlyCount "103"]
[EventDate "2017.??.??"]
[EventType "swiss"]
[EventCountry "ROU"]
[SourceTitle "playchess.com"]
[Source "ChessBase"]
[SourceQuality "1"]
[TimeControl "40/5400+30:1800+30"]

1. d4 {[%emt 0:00:00]} d5 {[%emt 0:00:13]} 2. e3 {[%emt 0:00:00]} e6 {[%emt 0:00:35]} 3. Bd3 {[%emt 0:00:30]} Nf6 {[%emt 0:00:35]} 4. Nf3 {[%emt 0:01:06]} Bd6 {[%emt 0:00:19]} 5. O-O {[%emt 0:00:10]} Nbd7 {[%emt 0:00:42]} 6. b3 {[%emt 0:00:22]} O-O {[%emt 0:00:54]} 7. Bb2 {[%emt 0:00:03]} b6 {[%emt 0:01:16]} 8. Ne5 {[%emt 0:01:14]} Bb7 {[%emt 0:01:07]} 9. Nd2 {[%emt 0:01:29]} Ne4 {[%emt 0:07:45]} 10. f3 {[%emt 0:03:29] D05: Damenbauernspiele (Colle-Aufbau)} Nxd2 {[%emt 0:02:55]} 11. Qxd2 {[%emt 0:00:14]} c5 {[%emt 0:01:57]} (11... f6 12. Nxd7 Qxd7 13. e4 c5 14. e5 Be7 15. c3 f5 16. a4 Bc6 17. Ra2 a5 {½-½ (32) Mastrovasilis,A (2537)-Halkias,S (2584) Thessaloniki 2017}) 12. f4 {[%emt 0:01:48]} Rc8 {[%emt 0:06:13]} 13. Qe2 {[%emt 0:02:09]} Nf6 {[%emt 0:03:33]} 14. f5 $146 {[%emt 0:01:52]} ({Vorgänger:} 14. dxc5 bxc5 15. c4 Qc7 16. Rac1 Rfd8 17. Bb1 Bf8 18. cxd5 exd5 {0-1 (53) Lan,I-Botvinnik,I (2185) Ramat Aviv 1998}) 14... Qc7 {[%emt 0:10:17]} 15. g4 {[%emt 0:12:59]} Bxe5 {[%emt 0:18:15]} 16. dxe5 {[%emt 0:08:02]} Nd7 {[%emt 0:00:42]} 17. f6 {[%emt 0:05:14]} g6 {[%emt 0:11:47]} 18. Qf2 {[%emt 0:02:15]} d4 {[%emt 0:00:31]} 19. exd4 {[%emt 0:04:55]} Qc6 {[%emt 0:02:06]} 20. Qg3 {[%emt 0:01:53]} cxd4 {[%emt 0:02:11]} 21. Bxd4 {[%emt 0:03:30]} Qd5 {[%emt 0:00:51]} 22. Bb2 {[%emt 0:04:47]} Nc5 {[%emt 0:03:30]} 23. Be2 {[%emt 0:11:09]} Qh1+ {[%emt 0:04:56]} 24. Kf2 {[%emt 0:00:13]} Ne4+ {[%emt 0:00:05]} 25. Ke3 {[%emt 0:01:21]} Nxg3 {[%emt 0:00:16]} 26. Rxh1 {[%emt 0:00:12]} Nxh1 {[%emt 0:00:04]} 27. c4 {[%emt 0:02:32]} Rfd8 {[%emt 0:03:35]} 28. Ba3 $19 {[%emt 0:03:01]} Rc5 {[%emt 0:11:26]} 29. Bxc5 {[%emt 0:03:08]} bxc5 {[%emt 0:00:00]} 30. Rd1 {[%emt 0:01:58]} Rd4 {[%emt 0:02:20]} 31. Rxd4 {[%emt 0:08:25]} cxd4+ {[%emt 0:00:01]} 32. Kxd4 {[%emt 0:00:10]} Nf2 {[%emt 0:00:07]} 33. b4 {[%emt 0:01:39]} Nh3 {[%emt 0:03:42]} 34. a4 {[%emt 0:02:43]} Nf4 {[%emt 0:01:36]} 35. Bd1 {[%emt 0:03:12]} Kf8 {[%emt 0:00:27]} 36. a5 {[%emt 0:01:48]} Ke8 {[%emt 0:00:41]} 37. Ba4+ {[%emt 0:00:50]} Kd8 {[%emt 0:00:03]} 38. c5 {[%emt 0:00:20]} Nd5 {[%emt 0:01:17]} 39. c6 {[%emt 0:01:31]} Bc8 {[%emt 0:00:14]} 40. b5 {[%emt 0:00:00]} h5 {[%emt 0:00:37]} 41. gxh5 {[%emt 0:08:38]} gxh5 {[%emt 0:00:20]} 42. h4 {[%emt 0:00:39]} Kc7 {[%emt 0:10:46]} 43. Bd1 {[%emt 0:03:51]} Nf4 {[%emt 0:02:57]} 44. Ke4 {[%emt 0:03:09]} Ng6 {[%emt 0:00:30]} 45. Bxh5 {[%emt 0:00:17]} Nh8 {[%emt 0:00:02]} 46. Be2 {[%emt 0:11:04]} a6 {[%emt 0:00:59]} 47. bxa6 {[%emt 0:00:40]} Kxc6 {[%emt 0:00:14]} 48. h5 {[%emt 0:01:53]} Kc5 {[%emt 0:00:36]} 49. Kf4 {[%emt 0:00:20]} Bxa6 {[%emt 0:00:37]} 50. Bxa6 {[%emt 0:00:08]} Kb4 {[%emt 0:00:03]} 51. Kg5 {[%emt 0:00:17]} Kxa5 {[%emt 0:00:02]} 52. Kh6 {[%emt 0:01:07]} 1-0

[Event "EYCC 2017"]
[Site "Mamaia"]
[Date "2017.09.13"]
[Round "8"]
[White "Muradyan, Robert"]
[Black "Kirillov, Dmitry"]
[Result "1/2-1/2"]
[WhiteElo "1846"]
[BlackElo "2137"]
[Annotator "TA"]
[PlyCount "71"]
[EventDate "2017.??.??"]
[EventType "swiss"]
[EventCountry "ROU"]
[SourceTitle "playchess.com"]
[Source "ChessBase"]
[SourceQuality "1"]

1. d4 {Program Activation Required} d5 2. Nf3 Nf6 3. c4 dxc4 4. e3 e6 5. Bxc4 c5 6. O-O a6 7. dxc5 Qxd1 8. Rxd1 Bxc5 9. Be2 b5 10. Nbd2 Bb7 11. Nb3 Bb6 {D27: Angenommenes Damengambit (Hauptvariante 7.e4, 7.a4)} 12. Bd2 Bd5 (12... Nbd7 13. Ba5 Rc8 14. Rac1 O-O 15. Bxb6 Nxb6 16. Rxc8 Rxc8 17. Rc1 Rxc1+ 18. Nxc1 Kf8 19. Kf1 {½-½ (31) Kosic,D (2528)-Petkov,V (2512) Nis 2012}) 13. Ne5 $146 ({Vorgänger:} 13. Rac1 O-O 14. Bb4 Re8 15. Ne5 Ra7 16. Rd2 Rc7 17. Rdc2 Rec8 18. Rxc7 Rxc7 19. Rxc7 Bxc7 {½-½ (43) Gurevich,D (2368)-Akbarinia,S (2413) Montcada 2015}) 13... Ne4 14. Be1 O-O 15. Rac1 Ra7 16. Kf1 Rc7 17. Nd3 Bc4 18. Ne5 Bd5 19. Nd3 Bc4 20. Ne5 Bd5 21. h4 Nf6 22. Bb4 Rfc8 23. Rxc7 Rxc7 24. Bd6 Rc8 25. Bf3 Nc6 26. Bxd5 Nxd5 27. Rc1 Nce7 28. Rxc8+ Nxc8 29. Bc5 f6 30. Nd3 Kf7 31. e4 Nc7 32. Ke2 Bxc5 33. Ndxc5 Nb6 34. Nd3 Nc4 35. Nbc5 Nb6 36. b3 1/2-1/2

[Event "EYCC 2017"]
[Site "Mamaia"]
[Date "2017.09.13"]
[Round "8"]
[White "Levitan, Ronit"]
[Black "Krasteva, Beloslava"]
[Result "0-1"]
[WhiteElo "1837"]
[BlackElo "2048"]
[Annotator "NA RC"]
[PlyCount "120"]
[EventDate "2017.??.??"]
[EventType "swiss"]
[EventCountry "ROU"]
[SourceTitle "playchess.com"]
[Source "ChessBase"]
[SourceQuality "1"]
[TimeControl "40/5400+30:1800+30"]

1. e4 {[%emt 0:00:00]} c5 {[%emt 0:00:16]} 2. c3 {[%emt 0:00:00]} d5 {[%emt 0:00:19]} 3. exd5 {[%emt 0:00:00]} Qxd5 {[%emt 0:00:14]} 4. d4 {[%emt 0:00:23]} Nf6 {[%emt 0:00:35]} 5. Nf3 {[%emt 0:00:08]} e6 {[%emt 0:00:22]} 6. Bd3 {[%emt 0:00:34]} Be7 {[%emt 0:01:00]} 7. O-O {[%emt 0:00:25]} O-O {[%emt 0:00:46]} 8. Qe2 {[%emt 0:00:48]} Rd8 {[%emt 0:00:52]} 9. Rd1 {[%emt 0:00:49]} cxd4 {[%emt 0:00:44]} 10. cxd4 {[%emt 0:02:46]} Nc6 {[%emt 0:00:56]} 11. Nc3 {[%emt 0:00:26]} Qh5 {[%emt 0:02:53]} 12. Ne4 {[%emt 0:09:04] B22: Sicilian: 2 c3} Nxe4 {[%emt 0:10:08]} 13. Qxe4 $146 {[%emt 0:06:02]} ({Predecessor:} 13. Bxe4 Nb4 14. Bf4 Nd5 15. Be5 f6 16. Bg3 Bd7 17. a3 Rac8 18. Bd3 Bf8 19. Re1 a6 {½-½ (56) Rozentalis,E (2553)-Bosiocic,M (2559) Austria 2015}) 13... Nxd4 {[%emt 0:09:57]} 14. Qxh7+ {[%emt 0:06:15]} Qxh7 {[%emt 0:00:20]} 15. Bxh7+ {[%emt 0:00:06]} Kxh7 {[%emt 0:00:23]} 16. Rxd4 {[%emt 0:00:17]} Bd7 {[%emt 0:04:23]} 17. Ne5 {[%emt 0:20:17]} Be8 {[%emt 0:05:41]} 18. Be3 {[%emt 0:04:59]} Rxd4 {[%emt 0:08:17]} 19. Bxd4 {[%emt 0:00:26]} a6 {[%emt 0:01:09]} 20. h3 {[%emt 0:04:42]} Rd8 {[%emt 0:03:11]} 21. Bc3 {[%emt 0:04:29]} f6 {[%emt 0:02:48]} 22. Nf3 {[%emt 0:00:32]} e5 {[%emt 0:00:55]} 23. Rc1 {[%emt 0:01:55]} Bc6 {[%emt 0:01:49]} 24. Nd2 {[%emt 0:01:49]} Rd3 {[%emt 0:05:48]} 25. Nf1 {[%emt 0:04:28]} Bd5 {[%emt 0:03:01]} 26. a3 {[%emt 0:00:25]} Bd8 {[%emt 0:01:43]} 27. Ne3 {[%emt 0:00:47]} Bb3 {[%emt 0:02:18]} 28. Nf1 {[%emt 0:04:20]} Bb6 {[%emt 0:02:09]} 29. Nd2 {[%emt 0:00:50]} Bd5 {[%emt 0:01:01]} 30. Kf1 {[%emt 0:02:24]} Bc6 {[%emt 0:01:37]} 31. Nb3 {[%emt 0:03:46]} Kg6 {[%emt 0:02:23]} 32. Re1 {[%emt 0:02:09]} Kf7 {[%emt 0:02:18]} 33. Nc1 {[%emt 0:00:11]} Rd7 {[%emt 0:01:40]} 34. Nb3 {[%emt 0:03:30]} e4 {[%emt 0:02:16]} 35. Nd2 {[%emt 0:04:14]} f5 {[%emt 0:00:59]} 36. Kg1 {[%emt 0:01:27]} Bb5 {[%emt 0:01:34]} 37. Nf1 {[%emt 0:07:53]} Bd3 {[%emt 0:03:45]} 38. g4 {[%emt 0:02:59]} f4 {[%emt 0:04:39]} 39. h4 {[%emt 0:01:45]} Re7 {[%emt 0:03:40]} 40. Bd2 {[%emt 0:00:00]} Bc7 {[%emt 0:02:15]} 41. Bc3 {[%emt 0:03:07]} Re6 {[%emt 0:04:47]} 42. h5 {[%emt 0:05:16]} g6 {[%emt 0:07:33]} 43. h6 {[%emt 0:04:21]} Kg8 {[%emt 0:00:48]} 44. Nd2 $17 {[%emt 0:11:48]} Kh7 {[%emt 0:10:56]} 45. g5 {[%emt 0:01:07]} Bd8 {[%emt 0:02:43]} 46. Nf3 {[%emt 0:02:46]} Bc7 {[%emt 0:03:36]} 47. Nd2 {[%emt 0:01:48]} e3 {[%emt 0:03:08]} 48. Nf3 {[%emt 0:04:11]} Be4 {[%emt 0:02:00]} 49. Rd1 {[%emt 0:01:06]} Re7 {[%emt 0:00:46]} 50. Nd4 {[%emt 0:00:31]} Bb6 {[%emt 0:02:39]} 51. fxe3 {[%emt 0:00:14]} fxe3 {[%emt 0:00:08]} 52. Ne2 {[%emt 0:00:20]} Bf3 {[%emt 0:00:56]} 53. Kf1 {[%emt 0:00:21]} Bc6 {[%emt 0:01:15]} 54. Ke1 {[%emt 0:01:02]} Re4 {[%emt 0:02:37]} 55. Rd6 {[%emt 0:00:35]} Rh4 {[%emt 0:01:21]} 56. Ng3 {[%emt 0:00:27]} Bc7 {[%emt 0:00:27]} 57. Rf6 {[%emt 0:00:29]} Bxg3+ {[%emt 0:00:03]} 58. Ke2 {[%emt 0:00:07]} Rf4 {[%emt 0:01:09]} 59. Re6 {[%emt 0:00:21]} Rf7 {[%emt 0:00:38]} 60. Rxe3 {[%emt 0:00:36]} Bf4 {[%emt 0:00:27]} 0-1